000 00488nam a2200193Ia 4500
008 160319s9999 xx 000 0 und d
050 _aFIL Q 141
050 _b.B38 1998
100 _aBatubalani, A.M.
245 4 _aThe Filipino scientists /
245 _cA.M. Batubalani.
260 _aManila:
260 _bLoacan Pub. House,
260 _c1998
300 _a74 pages :
300 _billustrations ;
300 _c20 cm.
650 _aScientists -- Philippines -- Biography.
999 _c291785
_d291785